Amazing Race Countries (Map) - Statistics

General Stats
  • This quiz has been taken 158 times
  • The average score is 81 of 96
Answers on the Map
Answers color-coded by a green-red scale on the quiz's map according to % correct below.
 
Answer Stats
Seasons Answer % Correct
2 Canada
99%
All United States
99%
14 China
97%
14 France
97%
2 Ireland
97%
3 Mexico
97%
6 Russia
97%
5 Spain
97%
8 United Kingdom
97%
7 Argentina
96%
7 Brazil
96%
12 Germany
96%
9 Italy
96%
3 Portugal
96%
5 Chile
95%
4 Australia
94%
2 Denmark
94%
1 Egypt
94%
3 Iceland
94%
13 India
94%
8 Japan
94%
4 Norway
94%
3 Poland
94%
5 Sweden
94%
8 Switzerland
94%
1 Ukraine
94%
3 Colombia
92%
1 Finland
92%
2 Paraguay
92%
3 South Korea
92%
2 Uruguay
92%
3 Greece
91%
3 Panama
91%
2 Peru
91%
1 Romania
91%
3 South Africa
91%
2 Turkey
91%
7 Vietnam
91%
2 Belgium
90%
1 Bolivia
90%
5 Indonesia
90%
8 Netherlands
90%
4 New Zealand
90%
3 Philippines
90%
8 Thailand
90%
6 Austria
88%
2 Czechia
88%
1 Ecuador
88%
5 Malaysia
88%
3 Cambodia
87%
1 Costa Rica
86%
1 Hungary
86%
4 Morocco
86%
2 Croatia
84%
1 Dominican Republic
84%
1 Estonia
84%
2 Kazakhstan
84%
1 Madagascar
84%
1 Mongolia
84%
1 Kenya
83%
2 Namibia
83%
5 United Arab Emirates
83%
2 Bangladesh
82%
1 Laos
82%
1 Lithuania
82%
1 Armenia
81%
1 Georgia
81%
1 Ethiopia
79%
2 Sri Lanka
79%
4 Tanzania
78%
1 Azerbaijan
77%
2 Botswana
77%
1 Jordan
77%
1 Slovenia
77%
2 Taiwan
77%
1 Tunisia
77%
1 Ghana
75%
1 Jamaica
75%
3 Singapore
75%
2 Oman
74%
1 Mozambique
73%
1 Senegal
73%
1 Uganda
73%
2 Zambia
73%
2 Zimbabwe
73%
1 Kuwait
70%
1 Malta
70%
1 Monaco
64%
1 Liechtenstein
62%
1 Mauritius
61%
1 Bahrain
58%
1 Malawi
58%
1 Seychelles
58%
1 Burkina Faso
57%
1 Trinidad and Tobago
55%
1 Barbados
51%
No matching quizzes found
Score Distribution
Percent of People with Each Score
Percentile by Number Answered
Your Score History
You have not taken this quiz